00527 2200181 4500001002100000005001500021035002000036245007800056100003400134260004400168300002600212020002200238084001400260082000800274650001000282008004100292990001200333INLIS00000000000273220251007091406 a0010-09250000791 aPanduan Bermuamalah Melalui Media Sosial /cDr. H. M. Asrorun Niar Sholeh aDr. H. M. Asrorun Niar Sholeh aJakarta :bEsensi Erlangga Group,c2020 a304 ;c(14,5 x 21 cm) a978-602-0935-92-8 a200 DR. p a200 4aFiksi251007 0  a0754934